000 00257nam a2200097Ia 4500
001 645021
005 20250826153615.0
008 250824s9999 xx 000 0 und d
245 0 _aBANU CİHAN ANTİK
_cSÜLEYMAN TEVFİK
260 _bANTİK DÜNYA KLASİKLERİ
999 _c645021
_d645021